Genetics: A conceptual approach

Salvato in:
Dettagli Bibliografici
Autore principale: Benjamin A. Pierce
Natura: Libro
Lingua:Undetermined
Pubblicazione: New York, NY W. H. Freeman and Company 2002
Soggetti:
Tags: Aggiungi Tag
Nessun Tag, puoi essere il primo ad aggiungerne! !
Thư viện lưu trữ: Trung tâm Học liệu Trường Đại học Cần Thơ
LEADER 00585nam a2200217Ia 4500
001 CTU_67448
008 210402s9999 xx 000 0 und d
020 |b 54 
082 |a 576.5 
082 |b P615 
100 |a Benjamin A. Pierce 
245 0 |a Genetics: A conceptual approach 
245 0 |c Benjamin A. Pierce 
260 |a New York, NY 
260 |b W. H. Freeman and Company 
260 |c 2002 
526 |a Di truyền tế bào thực vật 
526 |b NNG605 
650 |a genetics 
904 |i Minh 
980 |a Trung tâm Học liệu Trường Đại học Cần Thơ